Statistiques concernant Offashore - Vald feat Suikon Blaz AD

Cliquez ici pour prendre le quiz!

Statistiques générales

  • Ce quiz a été pris 62 fois
  • Le résultat moyen est 231 sur 498

Statistiques - réponses

HintRéponse% Correct
Le
100%
le
100%
a
97%
A
97%
à
97%
De
95%
de
95%
Je
95%
je
95%
dans
92%
la
92%
La
92%
Ma
92%
ma
92%
Comme
89%
comme
89%
mon
89%
ça
86%
es
86%
il
86%
un
86%
est
84%
J'suis
84%
j'suis
84%
monde
84%
offshore
84%
offshore ?
84%
pas
84%
Va
84%
va
84%
beau
81%
du
81%
les
81%
Les
81%
me
81%
petit
81%
que
81%
sa
78%
plateforme
76%
tout
76%
comment
73%
guette
73%
Refrain :Guette
73%
VALD
73%
des
70%
en
70%
En
70%
fétiche
70%
j'rentre
70%
l'game
70%
MC
70%
Si
70%
une
70%
C'est
68%
c'est
68%
et
68%
l'rappeur
68%
on
68%
On
68%
ta
68%
y
68%
Apocalypse
65%
au
65%
Faut
65%
faut
65%
glauque
65%
LM
65%
diable
62%
ou
62%
voix
62%
Arabes
59%
Blancs
59%
l'monde
59%
m'câliner
59%
Noirs
59%
qu'un
59%
avant
57%
Avant
57%
j'ai
57%
Lezarman
57%
main
57%
ne
57%
passer
57%
té-cô
57%
vue
57%
Avec
54%
bite
54%
J'crois
54%
l'idée
54%
par
54%
qui
54%
ses
54%
sheitan
54%
vienne
54%
avis
51%
Couplet Suikon Blaz AD :Hey
51%
l'cul
51%
Prada
51%
t'es
51%
T'es
51%
vais
51%
Ann
49%
cocaïne
49%
d'ces
49%
dernière
49%
forces
49%
Lisa
49%
l'ordre
49%
m'habiller
49%
quatre
49%
qu'le
49%
vidéo
49%
alien
46%
attrapent
46%
aucune
46%
chance
46%
Jean-Luc
46%
m'arrêter
46%
matraques
46%
n'avait
46%
pétrole
46%
portée
46%
clopes
43%
devant
43%
faut-il
43%
mains
43%
besoin
41%
d'la
41%
idée
41%
liées
41%
Partout
41%
pauses
41%
s'agite
41%
s'allier ?
41%
talent
41%
L'industrie
38%
m'considère
38%
n'ai
38%
rapide
38%
souffre
38%
trop
38%
tu
38%
vomi
38%
voudrait
38%
fume
35%
Graal
35%
ils
35%
Couplet VALD :J'crache
35%
J'te
35%
j'te
35%
m'désole
35%
plus
35%
proses
35%
suis
35%
toutes
35%
cigarette
32%
constamment
32%
Delastreet
32%
façons
32%
j'me
32%
l'fute
32%
montre
32%
pour
32%
Ton
32%
ton
32%
arrête
30%
l'Saint
30%
Mes
30%
m'forer
30%
Quand
30%
qu'tu
30%
J'vaux
27%
lèches
27%
mal
27%
sympa
27%
branle
24%
Capitol
24%
d'inspi
24%
l'ange
24%
l'école
24%
parlent
24%
qu'je
24%
SMIC
24%
ter-sau
24%
galère
22%
l'accepte
22%
notre
22%
teh
22%
y'a
22%
bien
19%
compare
19%
iceberg
19%
Pourquoi
19%
quoi
19%
Sur
19%
thèse
19%
Titanic
19%
amis
16%
crois
16%
d'être
16%
d'octobre
16%
doctor
16%
essaye
16%
fini
16%
forme
16%
Gros
16%
mais
16%
matos
16%
mois
16%
qu'jroule
16%
Regarde
16%
seuls
16%
top
16%
travaillent
16%
Agricole
14%
airs
14%
base
14%
camionnette
14%
camisole
14%
d'autre?
14%
Dieu
14%
donc
14%
j'la
14%
j'nous
14%
loin
14%
loué
14%
louer
14%
même
14%
mignonne
14%
m'isole
14%
Ni
14%
NQNT
14%
picote
14%
plaque
14%
pute
14%
qu'on
14%
Sans
14%
soit
14%
taf
14%
tournée
14%
alors
11%
baise
11%
biaisé
11%
Cherche
11%
connaît
11%
d'artificiel
11%
d'vue
11%
hommes
11%
labeur
11%
l'amour
11%
l'Crédit
11%
l'vaisseau
11%
Many
11%
mets
11%
oseille
11%
parce
11%
penses
11%
point
11%
Prends
11%
qu'j'arrête
11%
qu'j'la
11%
rien
11%
Sanitol
11%
sous
11%
sponsorisé
11%
sport ?
11%
t'as
11%
tendue
11%
trouve
11%
vends
11%
veut
11%
additionnel
8%
cachet
8%
casser
8%
cer-per
8%
compte
8%
d'palpitant
8%
gueule
8%
l'anus
8%
l'destin
8%
l'micro
8%
mi-temps
8%
plexus
8%
présent
8%
requins
8%
rêve
8%
saliver
8%
Woodstock
8%
après
5%
baisée
5%
Bonne
5%
cactus ?
5%
déjà
5%
d'MC
5%
ferme
5%
gravir
5%
jouer
5%
l'cabinet
5%
l'isotherme
5%
malheur
5%
misère
5%
moins
5%
montagnes
5%
pénible
5%
puise
5%
roules
5%
Sang
5%
scène
5%
stock
5%
t'aspires ?
5%
t'câliner
5%
ultraviolet
5%
vêt-sur
5%
Y'avait
5%
âme
3%
artistes
3%
bonne-char
3%
buts
3%
capsules
3%
cartouches
3%
foi
3%
investi
3%
laisser
3%
l'embrouille
3%
Mamie
3%
mignonnettes
3%
peux
3%
Qu'est-ce
3%
ramène
3%
salope
3%
septs
3%
t'arrache
3%
actus
0%
buzz
0%
couard
0%
J'sais
0%
perdu
0%
qu'taies
0%
sais
0%

Distribution des résultats

Percentile par nombre de réponses

% des personnes avec chaque résultat

Votre développement - résultats

Vous n’avez pas pris ce quiz